Lập - Thẩm định hiệu quả tài chính dự án đầu tư : Lý thuyết tài chính hiện đại về DAĐT. Giới thiệu và hướng dẫn tính hiệu quả các DAĐT thực tế tại VN. Tài liệu tham khảo về DAĐT. Kèm CD bài giải tính hiệu quả DAĐT và tài liệu tham khảo

Đây là cuốn sách rất cần thiết để tham khảo, tìm hiểu vận dụng trong công tác thiết lập cũng như thẩm định dự án đầu tư. Nội dung cuốn sách trình bày chi tiết về nhiều kỹ thuật phân tích hiệu quả Dự án đầu tư mà tác giả đã nghiên c...

Deskribapen osoa

Gorde:
Xehetasun bibliografikoak
Egile nagusia: Đinh Thế Hiển (Chủ biên)
Formatua: Liburua
Hizkuntza:Vietnamese
Argitaratua: H. Thống kê 2009
Gaiak:
Etiketak: Etiketa erantsi
Etiketarik gabe, Izan zaitez lehena erregistro honi etiketa jartzen!
Thư viện lưu trữ: Thư viện Trường Đại học Nam Cần Thơ
LEADER 02141aam a22002298a 4500
001 NCT_19981
008 160713s2016 ||||||viesd
999 |c 950  |d 950 
020 |c 150000 
082 0 4 |2 23rd ed.  |a 332.63  |b H305 
100 1 |a Đinh Thế Hiển  |e Chủ biên 
245 1 0 |a Lập - Thẩm định hiệu quả tài chính dự án đầu tư :  |b Lý thuyết tài chính hiện đại về DAĐT. Giới thiệu và hướng dẫn tính hiệu quả các DAĐT thực tế tại VN. Tài liệu tham khảo về DAĐT. Kèm CD bài giải tính hiệu quả DAĐT và tài liệu tham khảo  |c Đinh Thế Hiển 
260 |a H.  |b Thống kê  |c 2009 
300 |a 551 tr.  |c 28 cm 
520 3 |a Đây là cuốn sách rất cần thiết để tham khảo, tìm hiểu vận dụng trong công tác thiết lập cũng như thẩm định dự án đầu tư. Nội dung cuốn sách trình bày chi tiết về nhiều kỹ thuật phân tích hiệu quả Dự án đầu tư mà tác giả đã nghiên cứu, giải quyết trong nhiều năm làm công tác tư vấn và thảm định dự án. Một trong những quyển sách hàng đầu về dự án đầu tư hiện nay. 
653 |a Tài chính - Ngân hàng 
942 |2 ddc  |c BK 
952 |0 0  |1 0  |2 ddc  |4 0  |6 332_630000000000000_H305  |7 0  |9 5807  |a 000001  |b 000001  |d 2017-12-21  |o 332.63 H305  |p MD.06283  |r 2017-12-21  |v 150000.00  |w 2017-12-21  |y BK 
952 |0 0  |1 0  |2 ddc  |4 0  |6 332_630000000000000_H305  |7 0  |9 5808  |a 000001  |b 000001  |d 2017-12-21  |o 332.63 H305  |p MD.06284  |r 2017-12-21  |v 150000.00  |w 2017-12-21  |y BK 
952 |0 0  |1 0  |2 ddc  |4 0  |6 332_630000000000000_H305  |7 0  |9 5809  |a 000001  |b 000001  |d 2017-12-21  |l 2  |m 1  |o 332.63 H305  |p MD.06285  |q 2022-03-05  |r 2022-02-19  |s 2022-02-19  |v 150000.00  |w 2017-12-21  |y BK 
952 |0 0  |1 0  |2 ddc  |4 0  |6 332_630000000000000_H305  |7 0  |9 5810  |a 000001  |b 000001  |d 2017-12-21  |l 2  |m 1  |o 332.63 H305  |p MD.06286  |r 2021-01-20  |s 2020-10-16  |v 150000.00  |w 2017-12-21  |y BK 
980 |a Thư viện Trường Đại học Nam Cần Thơ